000 00325pam a2200157a 44500
008 230515b2017 xxu||||| |||| 00| 0 eng d
020 _aNULL
041 _aENGLISH
082 _a610.73
100 _aMUTHUVENKADA
245 _aTARGET HIGH
250 _a1
260 _a
_bC B S
_c2017
300 _a1024
650 _aNULL
999 _c531692
_d531692